00808nam a22001815i 450000100060000000300090000600500170001500700030003200800410003504000200007610000300009624501260012626000720025230000420032465000280036665100290039485202030042352974ES-MaACL20230906162659.0t|950906s1877 sp ||||1| spa d aCAM bspa cCAM1 aDonayre, Felipe Martín.10aDatos para una reseña física y geológica de la región S. E. de la provincia de Almeria / cpor Felipe M. Donayre. aMadrid : b[s.n], c1877 (fimprenta y fundición de Manuel Tello) a[2], 77 p., [1] h. de map. ; c25 cm. 4aGeología-zAlmería. 4aAlmería-xGeografía. aES-MaACLjT-1107-F-7 z-- Enc. hol., conservando la cub. original z-- Legado Federico de Botella y de Hornos z-- An ms.: ded. del autor a Federico de Botella y Hornos z-- Enc. en un vol. facticio